Sorry but I can't stop missing you = Diu bu qi wo xiang ni

Bibliographic Details
Main Author: Ju Zi
Format: Book
Published: Taiwan : Spring International Publishers Co. Ltd , 2007
Subjects:

MARC

LEADER 00000cam a2200000 7i4500
001 0000125607
005 20251016112945.0
020 |a 9789866899591 
090 0 0 |a FMC   |b JUZ 
100 0 |a Ju Zi 
245 1 0 |a Sorry but I can't stop missing you = Diu bu qi wo xiang ni   |c Ju Zi 
260 |a Taiwan :   |b Spring International Publishers Co. Ltd ,   |c 2007 
300 |a 218p. ;   |c 21cm. 
650 0 0 |a Chinese fiction 
650 0 0 |a Chinese language 
999 |a 00219953   |b BUKU   |c FICTION MANDARIN COLLECTION   |e PERPUSTAKAAN KOMUNITI PETALING JAYA 
999 |a 00219954   |b BUKU   |c FICTION MANDARIN COLLECTION   |e PERPUSTAKAAN KOMUNITI PETALING JAYA